|
|
|
|
| LEADER |
00758cam a2200205 7i4500 |
| 001 |
0000029984 |
| 005 |
20130829090000.0 |
| 090 |
0 |
0 |
|a PHOT 381.1
|b MAL (CD)
|
| 110 |
2 |
0 |
|a Malaysia External Trade Development Corporation (MATRADE)
|
| 245 |
2 |
0 |
|a Malaysia Services Exhibition (MSE) 2012 (25 - 30 September 2012 : Chengdu, China).
|
| 300 |
# |
# |
|a 35 Photographs:
|b Col.;
|c 1 CD-RWc.
|
| 500 |
0 |
0 |
|a Photographs
|
| 650 |
0 |
0 |
|a Jamaludin Hussain
|
| 650 |
0 |
0 |
|a Abu Bakar Yusof
|
| 650 |
0 |
0 |
|a MATRADE --
|x Photograph collecrtion --
|y 2012
|
| 650 |
0 |
0 |
|a Malaysia Services Exhibition (MSE) --
|y 2012
|
| 650 |
0 |
0 |
|a Hong
|
| 650 |
0 |
0 |
|a Iskandar Sarudin, Datuk
|
| 650 |
0 |
0 |
|a Syed Mohamad Fairus Shaik Ismail
|
| 999 |
|
|
|a PC00000892
|b Photographs
|c Photographs
|e Business Information Centre
|